Famous People Named Morgan - Statistics

General Stats
  • This quiz has been taken 170 times
  • The average score is 4 of 9
Answer Stats
Life Hint Person % Correct
1937- Acted in The Shawshank Redemption Morgan Freeman
93%
1635-1688 Welsh privateer with a spiced rum named after him Henry Morgan
76%
1837-1913 Founded what would become America's largest bank J. P. Morgan
61%
Fictional Serial killer who kills other serial killers Dexter Morgan
48%
1968- Comedian from SNL and 30 Rock Tracy Morgan
45%
Legendary A powerful enchantress in Arthurian legend Morgan {le} {Fay}
39%
1950- Blonde soap opera actress (Search for Tomorrow, Dallas) Morgan Fairchild
34%
1965- English broadcaster who was on CNN Piers Morgan
28%
Fictional Evil girl with long hair and a cursed VHS tape {Samara} Morgan
12%
No matching quizzes found
Score Distribution
Percent of People with Each Score
Percentile by Number Answered
Your Score History
You have not taken this quiz